000 01016nam a22002417a 4500
001 38113
003 BD-RjUL
005 20211209052728.0
008 150912s2004 ii ||||| |||| 00| 0 ben d
035 _a(BD-RjUL)38218
040 _aBD-RjUL
_bben
_cBD-RjUL
041 _aben
082 _223
_a398.2
_bCHL 2004
100 _aচট্টোপাধ্যায়, তুষার
_9117970
245 _aলোকসংস্কৃতির তত্ত্বরুপ ও স্বরুপ সন্ধান /
_cতুষার চট্টোপাধ্যায়
250 _a৪র্থ সং.
260 _aকলকাতা :
_bএ মুখার্জী এন্ড কোং লি.,
_c২০০৪
300 _a[দ], ৪০৮ পৃ. ;
_c২২ সেমি.
504 _aগ্রন্থপঞ্জী অন্তর্ভূক্ত।
650 _aFolklore
_xStudy and teaching.
_9117969
650 _aলোকাচার (ফোকলোর)
_9117986
942 _2ddc
_cBK
_02
999 _c38113
_d38113